00714nam a2200241 a 4500001001300000003000900013005001700022008004100039020002300080082002000103100001800123245003300141260004000174300000900214500003500223505002200258650002100280700001800301902000800319942000700327952012100334999001700455nice12345678IN_TiNIC20260116014133.0090109s2007 newa grp 000 0 eng  a8125031960 c36500a305.40954bWIL1 aWilson, Amrit aDreams, Questions, Struggles aNew Delhi bOrient Blackswan c2007 a190p aincludes index and biblioraphy2 anotes, ref, index aWomen-South Asia1 aWilson, Amrit bSRS cBK 001040708StackRoom-aHMIbHMId2009-01-09g365.00l0o305.40954 WIL1p022587r2009-01-09v365.00w2009-01-09yBK c14041d14041